Vývoj moderních zařízení a technologií v oblasti tekutých potravin se zvlášním zřetelem na vinařství a využití vedlejších produktů pri výrobě vína.

Saved in:
Bibliographic Details
Format: Book
Language:Czech
Published: Praha : Italský úřad pro zahraniční obchod, 1976
Subjects:
Online Access: Get full text
Tags: Add Tag
No Tags, Be the first to tag this record!

MARC

LEADER 00000nam a2200000 4500
003 SK-BrCVT
005 20220617195052.0
008 960302s1976 cs e ||||||cze d
035 |a CVTIDW0936845 
040 |b slo  |a CVTI SR 
041 0 |a cze 
044 |a cs 
080 |a 663.25  |2 UDC-MRF 
245 1 0 |a Vývoj moderních zařízení a technologií v oblasti tekutých potravin se zvlášním zřetelem na vinařství a využití vedlejších produktů pri výrobě vína. 
260 |a Praha :  |b Italský úřad pro zahraniční obchod,  |c 1976 
300 |a 25 l. 
500 |a ITALIA 76. Dny italského polygrafického a potravinářskeho průmyslu 
653 1 |a výroba vína 
692 |a LN MM 
910 |b A341586 
974 |f Knihy 
992 |a AIM 
999 |c 103621  |d 103621